講座 授業分析の科学 = Lecture: Science of class analysis
Gorde:
| Egile nagusia: | |
|---|---|
| Formatua: | Liburua |
| Hizkuntza: | Undetermined |
| Argitaratua: |
Japan
田中重弥
1969
|
| Gaiak: | |
| Etiketak: |
Etiketa erantsi
Etiketarik gabe, Izan zaitez lehena erregistro honi etiketa jartzen!
|
| Thư viện lưu trữ: | Trung tâm Học liệu Trường Đại học Cần Thơ |
|---|
| LEADER | 00588nam a2200205Ia 4500 | ||
|---|---|---|---|
| 001 | CTU_239678 | ||
| 008 | 210402s9999 xx 000 0 und d | ||
| 082 | |a 370.952 | ||
| 082 | |b T136/Vol.3 | ||
| 100 | |a Takenaka, Teruo | ||
| 245 | 0 | |a 講座 授業分析の科学 = | |
| 245 | 0 | |b Lecture: Science of class analysis | |
| 245 | 0 | |c Teruo Takenaka (竹中輝夫) | |
| 260 | |a Japan | ||
| 260 | |b 田中重弥 | ||
| 260 | |c 1969 | ||
| 650 | |a Giáo dục,Education | ||
| 650 | |z Nhật Bản,Japan | ||
| 910 | |a Tuyến | ||
| 980 | |a Trung tâm Học liệu Trường Đại học Cần Thơ | ||